000 00350 a2200157 4500
001 171144
020 _a
040 _cMagnum
100 _aPalombo, Antônio Sérgio
240 1 0 _aBob e bob: a ameaca
_lpor
245 1 0 _aBob e bob: a ameaca
362 0 _a1899
440 1 _aArmazém de Idéias
697 _aIJ/AVENTURA, CRIANCAS
942 _cBK
999 _c171144
_d171144